| 000 | 00866cam a2200301 i 4500 | ||
|---|---|---|---|
| 001 | 0000005166 | ||
| 005 | 20170406120418.0 | ||
| 008 | 750428s1975 nyua b 001 0 eng | ||
| 010 | _a 75014309 | ||
| 020 | _a0688029558 | ||
| 035 | _9(DLC) 75014309 | ||
| 040 |
_aDLC _cDLC _dDLC |
||
| 050 | 0 | 0 |
_aRC685.H8 _bB4 |
| 060 | 0 | _aWB545 B474r | |
| 082 | 0 | 0 | _a616.1/32 |
| 100 | 1 |
_aBenson, Herbert, _d1935-. |
|
| 245 | 1 | 4 |
_aThe relaxation response / _cby Herbert Benson. |
| 260 |
_aNew York : _bMorrow, _c1975. |
||
| 300 |
_a158 p. : _bill. ; _c22 cm. |
||
| 500 | _aIncludes index. | ||
| 504 | _aBibliography: p. 129-150. | ||
| 650 | 0 | _aRelaxation. | |
| 650 | 0 |
_aStress (Psychology) _xPrevention. |
|
| 650 | 0 |
_aHypertension _xPrevention. |
|
| 650 | 2 | _aRelaxation. | |
| 650 | 2 |
_aStress, Psychological _xPrevention and control. |
|
| 908 | _a141204 | ||
| 999 |
_c4970 _d4970 |
||